Najdłuższe granice Państw #2 - Statystyki

Ogólne statystyki
  • Ten quiz został rozwiązany 86 razy
  • Średni wynik to 14 z 20
Statystyki odpowiedzi
Km Kraj Najdłuższa granica % Poprawnych
8893 Kanada Stany Zjednoczone
100%
1458 Irak Iran
84%
1313 Finlandia Rosja
84%
3423 Brazylia Boliwia
83%
670 Słowenia Chorwacja
77%
588 Łotwa Litwa
77%
1840 Botswana Republika Południowej Afryki
77%
723 Gruzja Rosja
75%
41 Liechtenstein Szwajcaria
74%
148 Luksemburg Belgia
73%
494 Grecja Bułgaria
73%
961 Gwatemala Meksyk
71%
349 Dżibuti Etiopia
66%
600 Surinam Gujana
65%
605 Bhutan Indie
65%
1099 Kirgistan Uzbekistan
65%
330 Kostaryka Panama
62%
1569 Malawi Mozambik
58%
773 Benin Nigeria
52%
290 Rwanda Burundi
49%
Nie znaleziono quizów pasujących do podanych kryteriów
Rozkład punktacji
Procent ludzi z każdym wynikiem
Percentyl według liczby udzielonych odpowiedzi
Twoja historia wyników
Nie rozwiązałeś tego quizu